| 000 | 00665nam a2200241Ia 4500 | ||
|---|---|---|---|
| 001 | 30359 | ||
| 005 | 20240114001443.0 | ||
| 007 | ta | ||
| 008 | 060719s1996 g b000 u 346 u | ||
| 040 | _aCotton College,Assam | ||
| 041 | _a346 | ||
| 082 |
_a891.4409 _bBh 469 Sr |
||
| 100 | _aBhattacharjee, Amitrasudan . | ||
| 245 | 0 |
_aSrikrishnakirtan Samagra / _cAmitrasudan Bhattacharjee. _hTextual Documents |
|
| 250 | _a7th ed. / | ||
| 260 |
_aCalcutta : _bDeys Publishing , _c1996. |
||
| 300 |
_a464p. ; _c22cm. |
||
| 653 | _aBengali Literature-Criticism | ||
| 653 | _aG-Bengali | ||
| 942 |
_2ddc _cBK |
||
| 999 |
_c30341 _d30341 |
||